Vietor

Bibliographic Details
Main Author: Bily, Jozef, 1946- (Author)
Format: Article
Language:Slovak
Subjects:

MARC

LEADER 00000nab a2200000 a 4500
001 vtls008427812
003 SK-MaSNL
005 20260304020844.0
008 060202 2006 xo m 000 0 slo
015 |a SNBRB2006/02 
038 |a KEKMK 
040 |a KEKMK  |b slo  |c KEKMK  |e AACR2 
041 0 |a slo 
044 |a xo  |c SK 
080 |a 82-93  |2 UDC-MRF-SK2 
100 1 |a Bily, Jozef,  |d 1946-  |4 aut  |9 191705 
245 1 0 |a Vietor  |c Jozef Bily 
650 0 7 |a literatúra pre deti a mládež  |2 kekmk  |9 21893 
773 0 |t Zornička : časopis pre školákov  |g Roč. 58/68, č.6 február (2006), s.5  |x 0139-8962 
852 |a KEKMK  |b KIS3G 
999 |c 2601607  |d 2603537